000 00729cam a22001935a 4500
001 ##J100641
008 000000s1897 000 0 eng u
035 _a(Sirsi) u100641
041 0 _aeng
050 0 4 _a333.0062 $2 18
110 2 _aSurveyors' Institution
_bIrish Land Agents' Committee
_93784
245 0 0 _aRules and syllabus of Irish examinations, with some example papers
260 _aDublin
_bIrish Land Agents' Committee of the Surveyors' Institution
_c1897
300 _a35p.
_c21cm.
350 _a1s.
520 _aPresents the rules and procedures for preliminary, professional, professional associates and fellowship examinations.
690 _aCAREERS, EDUCATION AND TRAINING-QUALIFICATION ROUTES
942 _n0
999 _c99730
_d99730